Miguel de Unamuno / (Record no. 183331)

MARC details
000 -LEADER
campo de control de longitud fija 00942nam a2200265 i 4500
001 - NÚMERO DE CONTROL
campo de control 183331
003 - IDENTIFICADOR DE NÚMERO DE CONTROL
campo de control ES-MaACL
005 - FECHA Y HORA DE LA ÚLTIMA TRANSACCIÓN
campo de control 20250817062600.0
008 - DATOS DE LONGITUD FIJA--INFORMACIÓN GENERAL
campo de control de longitud fija 140324s2012 sp a | |||||||| | spa d
020 ## - NÚMERO INTERNACIONAL ESTÁNDAR DEL LIBRO
Número Internacional Estándar del Libro 978-84-306-0076-2
080 ## - NÚMERO DE LA CLASIFICACIÓN DECIMAL UNIVERSAL
Número de la Clasificación Decimal Universal 929 Unamuno, Miguel de
100 1# - ENTRADA PRINCIPAL--NOMBRE DE PERSONA
Nombre de persona Juaristi, Jon,
Fechas asociadas al nombre 1951-
9 (RLIN) 67169
245 10 - MENCIÓN DEL TÍTULO
Título Miguel de Unamuno /
Mención de responsabilidad, etc. Jon Juaristi.
260 ## - PUBLICACIÓN, DISTRIBUCIÓN, ETC.
Lugar de publicación, distribución, etc. [Madrid] :
Nombre del editor, distribuidor, etc. Taurus,
Fecha de publicación, distribución, etc. [2012]
300 ## - DESCRIPCIÓN FÍSICA
Extensión 520 p., [24] p. de lám. ;
Dimensiones 24 cm.
490 1# - MENCIÓN DE SERIE
Mención de serie Españoles eminentes / Fundación Juan March
500 ## - NOTA GENERAL
Nota general Índice.
600 14 - PUNTO DE ACCESO ADICIONAL DE MATERIA--NOMBRE DE PERSONA
Nombre de persona Unamuno, Miguel de,
Fechas asociadas al nombre 1864-1936-
Subdivisión general Biografías
9 (RLIN) 172375
710 2# - ENTRADA AGREGADA--NOMBRE DE ENTIDAD CORPORATIVA
Nombre de entidad corporativa o nombre de jurisdicción como elemento de entrada Fundación Juan March
9 (RLIN) 4346
830 10 - PUNTO DE ACCESO ADICIONAL DE SERIE-TÍTULO UNIFORME
Título uniforme Fundación Juan March.
Nombre de parte o sección de la obra Españoles eminentes
9 (RLIN) 176604
852 ## - LOCALIZACIÓN
Ubicación ES-MaACL
Número de control de estantería A-13068
itemnumber 190270
Sublocalización o colección R.149852
Ubicación en estantería Depósito 1
Signatura antigua Olim: N-6068
Donativo/Legado Donación: José Luis Abellán
903 ## - NOMBRE PERSONAL DE DONANTE
a Abellán, José Luis,
d 1933-2023
e Donante
9 176509
942 ## - ELEMENTOS DE ENTRADA SECUNDARIOS (KOHA)
Fuente del sistema de clasificación o colocación Clasificación decimal universal
Tipo de ítem Koha Libro impreso
Holdings
Estatus retirado Estado de pérdida Fuente del sistema de clasificación o colocación Estado de daño No para préstamo Biblioteca de origen Biblioteca actual Ubicación en estantería Fecha de adquisición Fuente de adquisición Total de préstamos Signatura topográfica completa Código de barras Visto por última vez Precio de reemplazo Tipo de ítem Koha
    Clasificación decimal universal     Biblioteca del Ateneo de Madrid Biblioteca del Ateneo de Madrid Depósito 1 24/03/2014 Donación   A-13068 1192697 23/02/2023 23/02/2023 Libro impreso